[Event "Buenos Aires CA"]
[Site "Buenos Aires"]
[Date "1972.??.??"]
[Round "11"]
[White "Rubinetti, Jorge A"]
[Black "Rossetto, Hector"]
[Result "1/2-1/2"]
[WhiteElo "2410"]
[BlackElo "2465"]

1.d4 Nf6 2.c4 e6 3.g3 d5 4.Bg2 Be7 5.Nf3 O-O 6.O-O Nbd7 7.Qc2 c6 8.b3 Ne4
9.Nbd2 f5 10.Bb2 Qe8 11.e3 Qh5 12.Ne5 a5 13.f3 Nxd2 14.Qxd2 Nxe5 15.dxe5 a4  1/2-1/2

[Event "Esbjerg op"]
[Site "Esbjerg"]
[Date "1972.??.??"]
[Round "3"]
[White "Iversen, Ralph Kock"]
[Black "Ingerslev, Age"]
[Result "1/2-1/2"]
[WhiteElo "2200"]
[BlackElo "2200"]

1.d4 Nf6 2.c4 e6 3.g3 d5 4.Bg2 Be7 5.Nf3 O-O 6.O-O c5 7.dxc5 Bxc5 8.Nc3 Nc6
9.Bg5 Be7 10.Nd4 h6 11.Be3 Ne5 12.cxd5 exd5 13.Nb3 Be6 14.Nc5 Nc4 15.Nxe6 fxe6
16.Bc1 Bc5 17.b3 Ne5 18.Na4 Bd6 19.Bb2 Qe7 20.Rc1 Rac8 21.Qd4 b5 22.Nc3 a6
23.Nd1 Nf7 24.Qd2 Ng5 25.Bxf6 Qxf6 26.Rxc8 Rxc8 27.e4 Nf3+ 28.Bxf3 Qxf3 29.exd5 Qxd5
30.Qxd5 exd5 31.Ne3 Re8 32.Rd1 Bc5 33.Rxd5 Bxe3 34.fxe3 Rxe3 35.Rd4 a5 36.Rf4 a4
37.bxa4 bxa4 38.Rxa4 Re2 39.Ra8+ Kh7 40.a4 Ra2 41.a5 Ra1+ 42.Kg2 Ra2+ 43.Kh3 h5  1/2-1/2

[Event "WchT U26"]
[Site "Graz"]
[Date "1972.??.??"]
[Round "1"]
[White "Fedder, Steen"]
[Black "Cvetkovic, Srdjan"]
[Result "1-0"]
[WhiteElo "2370"]
[BlackElo "2460"]

1.d4 Nf6 2.c4 e6 3.g3 d5 4.Nf3 Be7 5.Bg2 O-O 6.O-O Nbd7 7.Qc2 c6 8.b3 b6
9.Nbd2 Bb7 10.Bb2 Rc8 11.e4 Rc7 12.Rad1 Qb8 13.Rfe1 Rd8 14.Bc3 Qa8 15.e5 Ne8
16.c5 a5 17.b4 axb4 18.Bxb4 bxc5 19.dxc5 Qa7 20.Nb3 Ra8 21.a3 Ba6 22.Nfd4 Bc4
23.Na5 Bxc5 24.Naxc6 Qb6 25.Ne7+ Kh8 26.Qd2 Nf8 27.Ndc6 Rxc6 28.Nxc6 Qxc6
29.Qf4 Bxb4 30.axb4 Qc7 31.Ra1 Rb8 32.Qd4 Kg8 33.Ra7 Qb6 34.Qa1 Qxb4 35.Rc1 Qb2
36.Qxb2 Rxb2 37.h4 h6 38.Ra8 Nc7 39.Rc8 Nb5 40.Ra1 Nd4 41.Raa8 Rb1+ 42.Kh2 Kh7
43.Rxf8 Kg6 44.Ra7 Kf5 45.Raxf7+ Kxe5 46.Rxg7 Nf5 47.Rg6 Rb2 48.g4 Nxh4 49.Rxh6 Nxg2
50.Kxg2 d4 51.Rh5+ Ke4 52.g5 Rb7 53.g6 Rg7 54.Rg5 Bd5 55.Kg3 Kd3 56.Rf7 Rg8
57.g7 Ke2 58.Rf8 Rxg7 59.Rxg7 d3 60.Rb8 d2 61.Rb2 Kd3 62.Rxd2+ Kxd2 63.Rg5 Kd3
64.Re5 Kd4 65.Kf4 Bc4 66.Re1 Bb3 67.Re4+ Kd5 68.Re2 Kd6 69.Rd2+ Ke7 70.Ke5 Kf7
71.Rd7+ Kg6 72.Re7 Kg5 73.Rg7+ Kh5 74.f4 Ba2 75.Rg5+  1-0

[Event "WchT U26"]
[Site "Graz"]
[Date "1972.??.??"]
[Round "1"]
[White "Zara, Dan"]
[Black "Anikaev, Yuri N"]
[Result "0-1"]
[WhiteElo "2200"]
[BlackElo "2475"]

1.d4 Nf6 2.c4 e6 3.g3 d5 4.Bg2 Be7 5.Nf3 O-O 6.Qc2 c5 7.dxc5 Qa5+ 8.Nbd2 Qxc5
9.a3 a5 10.O-O Nc6 11.Qd3 a4 12.cxd5 Qxd5 13.Qxd5 Nxd5 14.Nc4 b5 15.Nce5 Na5
16.Nd4 Bf6 17.Bf4 g5 18.Bxd5 exd5 19.Nxb5 gxf4 20.gxf4 Bh3 21.Rfe1 Bxe5 22.fxe5 Nc4
23.e4 Ra5 24.Nd4 dxe4 25.Rxe4 Rxe5 26.Rxe5 Nxe5 27.Re1 Rd8 28.Rxe5 Rxd4  0-1

[Event "URS-chT Moscow"]
[Site "Moscow"]
[Date "1972.??.??"]
[Round "?"]
[White "Zilberstein, Valery I"]
[Black "Kolpakov, M."]
[Result "1-0"]
[WhiteElo "2200"]
[BlackElo "2200"]

1.d4 Nf6 2.c4 e6 3.g3 d5 4.Nf3 Be7 5.Bg2 O-O 6.O-O dxc4 7.Ne5 Nbd7 8.Nxc4 c5
9.Nc3 cxd4 10.Qxd4 Bc5 11.Qf4 a6 12.Rd1 Qe7 13.Be3 e5 14.Qh4 Bxe3 15.Nxe3 Nb6
16.Ne4 Rb8 17.Rd6 Nbd7 18.Nf5 Qd8 19.Nxf6+ Nxf6 20.Rxd8 Rxd8 21.Nxg7  1-0

[Event "Rubinstein mem"]
[Site "Polanica Zdroj"]
[Date "1972.??.??"]
[Round "6"]
[White "Pytel, Krzysztof"]
[Black "Myagmarsuren, Lhamsuren"]
[Result "1-0"]
[WhiteElo "2380"]
[BlackElo "2380"]

1.d4 Nf6 2.c4 e6 3.g3 d5 4.Nf3 Be7 5.Bg2 O-O 6.O-O c5 7.cxd5 Nxd5 8.e4 Nf6
9.Nc3 cxd4 10.Nxd4 Nbd7 11.Qe2 Qc7 12.Be3 Rd8 13.Rac1 Qb8 14.Ncb5 Ne8 15.Bf4 e5
16.Nf5 Bf6 17.Be3 Nf8 18.Rfd1 Rxd1+ 19.Qxd1 Bd7 20.Nc3 g6 21.Nh6+ Kg7 22.Ng4 Bxg4
23.Qxg4 Qc8 24.Qxc8 Rxc8 25.Bh3 Ra8 26.Nb5 b6 27.Rc8 Rxc8 28.Bxc8 Bd8 29.Kf1 a5
30.Ke2 Kf6 31.Kd3 Ke7 32.Kc4 Nd7 33.f3 Ke6 34.b3 h5 35.Bb7 Ndf6 36.Bc8+ Ke7
37.Bh3 Nd7 38.Nc3 Nc7 39.Bxd7 Kxd7 40.Bxb6  1-0

[Event "Sao Paulo zt"]
[Site "Sao Paulo"]
[Date "1972.??.??"]
[Round "15"]
[White "Rubinetti, Jorge A"]
[Black "Quinones, Oscar Carillo"]
[Result "1/2-1/2"]
[WhiteElo "2425"]
[BlackElo "2290"]

1.d4 Nf6 2.c4 e6 3.g3 d5 4.Bg2 Be7 5.Nf3 O-O 6.O-O c5 7.cxd5 exd5 8.Nc3 Nc6
9.b3 Ne4 10.Bb2 Bf6 11.Na4 cxd4 12.Nxd4 Re8 13.Rc1 Bd7 14.Nc5 Nxd4 15.Bxd4 Bb5
16.Re1 Qe7 17.a4 Bc6 18.e3 Rad8 19.b4 Bxd4 20.Qxd4 Nxc5 21.Rxc5 Bxa4 22.Ra5 Bc2
23.Rxa7 Be4 24.f3 Bg6 25.Bf1 Ra8 26.Rxa8 Rxa8 27.Rc1 h6 28.b5 Ra3 29.Rc3 Rxc3
30.Qxc3 Qe6 31.Kf2 Kh7 32.h4 h5 33.Qd4 Qf5 34.Qc5 Qe5 35.Be2 Qe6 36.Kg2 Qe5
37.Kf2 Qe6 38.Kg2 Qe5 39.Qd4 Qxd4 40.exd4 b6 41.Kf2 Bc2  1/2-1/2

[Event "Skopje ol (Men) prel"]
[Site "Skopje"]
[Date "1972.??.??"]
[Round "1"]
[White "Rubinetti, Jorge A"]
[Black "Pfleger, Helmut"]
[Result "0-1"]
[WhiteElo "2410"]
[BlackElo "2545"]

1.d4 Nf6 2.c4 e6 3.g3 d5 4.Bg2 Be7 5.Nf3 O-O 6.O-O Nbd7 7.Qc2 c5 8.dxc5 Nxc5
9.Rd1 Qa5 10.Nbd2 Bd7 11.b3 Rac8 12.Bb2 b5 13.Ne5 bxc4 14.Nxd7 Ncxd7 15.bxc4 Nb6
16.Bc3 Qa6 17.e4 dxc4 18.a4 Nbd7 19.Bf1 Qc6 20.f3 h5 21.h4 Bd6 22.Kg2 Qc7
23.f4 Ng4 24.Re1 e5 25.f5 Bc5 26.Nxc4 Nb6  0-1

[Event "Skopje ol (Men) fin-D"]
[Site "Skopje"]
[Date "1972.??.??"]
[Round "5"]
[White "Weber, Raymond"]
[Black "Gouder, A."]
[Result "1/2-1/2"]
[WhiteElo "2200"]
[BlackElo "2200"]

1.d4 Nf6 2.c4 e6 3.Nf3 d5 4.g3 Be7 5.Bg2 c6 6.O-O Nbd7 7.b3 O-O 8.Nc3 Bd6
9.Qc2 h6 10.Bb2 Qe7 11.Rad1 Rb8 12.e4 dxe4 13.Nxe4 Nxe4 14.Qxe4 Nf6 15.Qc2 Ba3  1/2-1/2

[Event "Skopje ol (Men) fin-B"]
[Site "Skopje"]
[Date "1972.??.??"]
[Round "7"]
[White "Verstraeten, Roland"]
[Black "Ogaard, Leif"]
[Result "0-1"]
[WhiteElo "2200"]
[BlackElo "2340"]

1.d4 Nf6 2.c4 e6 3.g3 d5 4.Bg2 Be7 5.Nf3 O-O 6.O-O Nbd7 7.b3 b6 8.Bb2 Bb7
9.Ne5 c6 10.Nd2 Nxe5 11.dxe5 Nd7 12.e4 Nc5 13.exd5 cxd5 14.Qe2 Qd7 15.Rfd1 Rad8
16.Nf1 Qc8 17.cxd5 Bxd5 18.Bxd5 Rxd5 19.Rxd5 exd5 20.Rd1 Rd8 21.Ne3 Qe6 22.f3 f6
23.exf6 Bxf6 24.Bxf6 gxf6 25.Rd4 Qe5 26.Qd2 Ne6 27.Rxd5 Rxd5 28.Nxd5 Nd4
29.Nxf6+ Qxf6 30.Qf2 Qe5 31.Kf1 a5 32.h4 b5 33.g4 Qf4 34.Kg2 b4 35.h5 Kg7
36.h6+ Kg6 37.Kg1 Nxf3+ 38.Kg2 Qxg4+  0-1

[Event "Skopje ol (Men) fin-A"]
[Site "Skopje"]
[Date "1972.??.??"]
[Round "13"]
[White "Smyslov, Vassily"]
[Black "Medina Garcia, Antonio Angel"]
[Result "1-0"]
[WhiteElo "2620"]
[BlackElo "2380"]

1.c4 Nf6 2.d4 e6 3.g3 d5 4.Bg2 Be7 5.Nf3 O-O 6.O-O dxc4 7.Qc2 a6 8.a4 c5
9.dxc5 Bxc5 10.Ne5 Nbd7 11.Nxc4 Qe7 12.Nc3 h6 13.a5 e5 14.Na4 Bb4 15.b3 Ne8
16.Ncb6 Nxb6 17.Nxb6 Nc7 18.Nxa8 Nxa8 19.Bb2 Nc7 20.Rfd1 Nb5 21.Rd5 f6 22.Qg6 Bc3
23.Bxc3 Nxc3 24.Rd2 Qb4 25.Rc2 Be6 26.Rac1 Nb5 27.Be4 Rd8 28.Qh7+ Kf8 29.Qh8+ Bg8
30.Rc8  1-0

[Event "Skopje ol (Men) fin-B"]
[Site "Skopje"]
[Date "1972.??.??"]
[Round "15"]
[White "Verstraeten, Roland"]
[Black "Vasquez, Julio E"]
[Result "1/2-1/2"]
[WhiteElo "2200"]
[BlackElo "2200"]

1.d4 Nf6 2.c4 e6 3.g3 d5 4.Bg2 Be7 5.Nf3 O-O 6.O-O c5 7.cxd5 exd5 8.dxc5 Bxc5
9.Nbd2 Nc6 10.Nb3 Be7 11.Bf4 Re8 12.Nfd4 Bg4 13.h3 Bh5 14.Nf3 Ne4 15.Nc1 g5
16.Bd2 Bf6 17.Nd3 Na5 18.Bxa5 Qxa5 19.Re1 Qb6 20.Qb3 Qxb3 21.axb3 a6 22.Rac1 Rac8
23.Red1 Rxc1 24.Rxc1 Nd6 25.Kf1 Bg6 26.Rc7 h6 27.Rd7 Rd8 28.Rc7 Rc8 29.Rxc8+ Nxc8
30.Nfe5 Be4 31.Ng4 Bg7 32.Ne3 Ne7 33.Nd1 b5 34.Nc3 f5 35.g4 Bxd3 36.exd3 Bxc3
37.bxc3 f4 38.Ke2 Kf7 39.d4 Ke6 40.Kd3  1/2-1/2

[Event "SWE-ch"]
[Site "?"]
[Date "1972.??.??"]
[Round "15"]
[White "Wahlbom, Magnus"]
[Black "Olsson, Ake"]
[Result "1/2-1/2"]
[WhiteElo "2200"]
[BlackElo "2380"]

1.d4 Nf6 2.c4 e6 3.g3 d5 4.Bg2 Be7 5.Nf3 O-O 6.O-O c6 7.Qc2 b6 8.b3 Bb7 9.Bb2 Nbd7
10.Nbd2 Rc8 11.e4 dxe4 12.Nxe4 Nxe4 13.Qxe4 Nf6  1/2-1/2

[Event "HUN-ch"]
[Site "?"]
[Date "1974.??.??"]
[Round "?"]
[White "Csom, Istvan"]
[Black "Farago, Ivan"]
[Result "1-0"]
[WhiteElo "2540"]
[BlackElo "2475"]

1.Nf3 Nf6 2.c4 e6 3.g3 d5 4.d4 Be7 5.Bg2 O-O 6.Qc2 Nbd7 7.O-O c6 8.b3 b5
9.c5 Ne4 10.Bb2 f5 11.Ne1 Bg5 12.Nd3 a5 13.a3 Qe8 14.e3 h5 15.f3 Nef6 16.Re1 h4
17.Nd2 hxg3 18.hxg3 Bb7 19.Nf1 Bh6 20.Nf2 a4 21.b4 Qh5 22.e4 fxe4 23.fxe4 Ng4
24.Nxg4 Qxg4 25.e5 Rf7 26.Qd3 Raf8 27.Nh2 Qh5 28.Re2 Re8 29.Bf3 Qg5 30.Bg4 Nf8
31.Kg2 Bc8 32.Rh1 Qg6 33.Qxg6 Nxg6 34.Bh5 Kh7 35.Bc3 Ref8 36.Nf3 Rc7 37.Rf2 Ne7
38.Ng5+ Kg8 39.Bf7+ Rxf7 40.Nxf7 Nf5 41.Rxf5 exf5 42.Nxh6+ Kf8 43.Rh5 gxh6
44.Rxh6 Kg7 45.Bd2 Bd7 46.Bg5 Be8 47.e6 Kg8 48.Kf3 Rh7 49.Rxh7 Kxh7 50.Kf4 Kg6
51.Be7  1-0

[Event "Nice olm fin-B"]
[Site "Nice"]
[Date "1974.??.??"]
[Round "1"]
[White "Radashkovich, Itchak"]
[Black "Santos, Jose"]
[Result "1-0"]
[WhiteElo "2425"]
[BlackElo "2200"]

1.d4 d5 2.c4 e6 3.Nf3 Nf6 4.g3 Be7 5.Bg2 O-O 6.O-O dxc4 7.Ne5 c5 8.dxc5 Qc7
9.Nxc4 Bxc5 10.Nba3 e5 11.Bg5 Be7 12.Rc1 Bd7 13.Ne3 Bc6 14.Nf5 Bxa3 15.bxa3 Nfd7
16.Qd2 Nb6 17.Bf6 h6 18.Rxc6 Nxc6 19.Nxh6+ Kh7 20.Be4+ g6 21.Ng4  1-0

[Event "Nice olm fin-B"]
[Site "Nice"]
[Date "1974.??.??"]
[Round "11"]
[White "Radashkovich, Itchak"]
[Black "Viglundsson, Bjorgvin"]
[Result "0-1"]
[WhiteElo "2425"]
[BlackElo "2200"]

1.d4 d5 2.c4 e6 3.Nf3 Nf6 4.g3 Be7 5.Bg2 O-O 6.O-O dxc4 7.Ne5 Nbd7 8.Nxc4 Rb8
9.Nc3 b6 10.Bf4 Bb7 11.e4 a6 12.Qe2 Ba8 13.a4 Re8 14.g4 Nf8 15.Rad1 Qc8 16.g5 N6d7
17.h4 b5 18.axb5 axb5 19.Ne3 b4 20.Nb1 Bd6 21.Bxd6 cxd6 22.f4 Bc6 23.Qf2 Bb5
24.Rfe1 e5 25.Bf1 Bxf1 26.Rxf1 exd4 27.Rxd4 Nc5 28.Nd2 Qc6 29.Nd5 Nfe6 30.Rc4 Qb7
31.f5 Nd3 32.Qg2 Qa7+ 33.Kh1 Nf8 34.Nf6+ Kh8 35.Nxe8 Rxe8 36.Qe2 d5 37.Qxd3 dxc4
38.Nxc4 Nd7 39.Rd1 Qf2 40.Qh3 Rxe4  0-1

[Event "CSR-ch"]
[Site "Rimavska Sobota"]
[Date "1974.??.??"]
[Round "4"]
[White "Hort, Vlastimil"]
[Black "Lechtynsky, Jiri"]
[Result "1-0"]
[WhiteElo "2600"]
[BlackElo "2390"]

1.d4 Nf6 2.c4 e6 3.Nf3 d5 4.g3 Be7 5.Bg2 O-O 6.O-O c6 7.Qc2 Nbd7 8.Nbd2 Re8
9.e4 dxe4 10.Nxe4 Nxe4 11.Qxe4 c5 12.Rd1 Qc7 13.Qe2 cxd4 14.Nxd4 a6 15.Be3 Nf6
16.Bf4 Qb6 17.Nb3 Bd7 18.Qe3 Qb4 19.Rac1 Ba4 20.Bc7 a5 21.Rd3 Bc6 22.Bxc6 bxc6
23.a3 Qb7 24.Bxa5 c5 25.Bc3 Red8 26.Nxc5 Qc6 27.Rxd8+ Rxd8 28.Nd3 Ne4 29.Ne5 Qb7
30.b4 f6 31.Nf3 e5 32.Qe2 Kf7 33.Bb2 g5 34.c5 g4 35.c6  1-0

[Event "CSR-ch"]
[Site "Rimavska Sobota"]
[Date "1974.??.??"]
[Round "7"]
[White "Hort, Vlastimil"]
[Black "Fichtl, Jiri"]
[Result "1/2-1/2"]
[WhiteElo "2600"]
[BlackElo "2380"]

1.c4 Nf6 2.Nf3 e6 3.g3 d5 4.Bg2 Be7 5.d4 O-O 6.O-O c6 7.Qc2 Nbd7 8.Nbd2 b6
9.e4 Ba6 10.b3 Rc8 11.Bb2 c5 12.exd5 exd5 13.Rad1 cxd4  1/2-1/2

[Event "SWE-ch"]
[Site "?"]
[Date "1974.??.??"]
[Round "14"]
[White "Karlsson, Lars"]
[Black "Kaiszauri, Konstanty"]
[Result "0-1"]
[WhiteElo "2200"]
[BlackElo "2350"]

1.d4 Nf6 2.c4 e6 3.g3 d5 4.Bg2 Be7 5.Nf3 O-O 6.O-O c6 7.Qc2 Nbd7 8.Nc3 dxc4
9.Rd1 Nd5 10.e4 Nxc3 11.Qxc3 b5 12.d5 cxd5 13.exd5 Nb6 14.Ne5 Nxd5 15.Bxd5 exd5
16.Nc6 Qd7 17.Nxe7+ Qxe7 18.Rxd5 Qe4 19.Rg5 f6 20.Rxb5 Bh3  0-1

[Event "Winnipeg"]
[Site "Winnipeg"]
[Date "1974.??.??"]
[Round "?"]
[White "Frey, Kenneth"]
[Black "Donoso Velasco, Pedro H"]
[Result "1/2-1/2"]
[WhiteElo "2275"]
[BlackElo "2395"]

1.d4 Nf6 2.c4 e6 3.Nf3 d5 4.g3 Be7 5.Bg2 O-O 6.O-O dxc4 7.Qc2 a6 8.Qxc4 b5
9.Qc2 Bb7 10.Nc3 Nbd7 11.Rd1 Qc8 12.Bg5 c5 13.Ne5 Bxg2 14.Nxd7 Qxd7 15.Kxg2 cxd4
16.Bxf6 Bxf6 17.Ne4 Be7 18.Kg1 Rac8 19.Qd3 Rfd8 20.e3 f5 21.Nc3 dxc3 22.Qxd7 Rxd7
23.Rxd7 cxb2 24.Rb1 Rc1+ 25.Rd1 Ba3 26.Kf1 Kf7 27.Ke2 e5 28.e4 g6  1/2-1/2

[Event "URS-ch otbor"]
[Site "Cheliabinsk"]
[Date "1975.??.??"]
[Round "?"]
[White "Napolov, V."]
[Black "Korsunsky, Rostislav R"]
[Result "0-1"]
[WhiteElo "2200"]
[BlackElo "2200"]

1.d4 Nf6 2.c4 e6 3.g3 d5 4.Bg2 Be7 5.Nf3 O-O 6.O-O dxc4 7.Qc2 a6 8.a4 c5
9.dxc5 Bxc5 10.Qxc4 Nbd7 11.b4 Be7 12.Nc3 b6 13.Nd4 Ne5 14.Qb3 Ra7 15.Rd1 Rd7
16.Bf4 Rxd4 17.Bxe5 Rxb4 18.Qc2 Qe8 19.Na2 Rg4 20.Bc6 Bd7 21.Rxd7 Nxd7 22.Rd1 Rc4
23.Qxc4 Nxe5 24.Bxe8 Nxc4 25.Bc6 Na5 26.Be4 Nb3 27.Bc2 Nc5 28.Rb1 Rb8 29.Nb4 Kf8
30.h4 h5 31.Kg2 Ke8 32.Kf3 b5 33.Nd3 Nd7 34.axb5 axb5 35.Nf4 g6 36.Nd3 Kd8
37.Ke3 Kc7 38.Kd2 Bd6 39.e3 Nb6 40.Bb3 Nd5 41.Bxd5 exd5 42.Nb4 Bxb4+ 43.Rxb4 Kc6
44.Kc3 Kc5 45.Rb2 Ra8 46.Kb3 Ra4 47.Rd2 Rc4 48.Ra2 Rb4+ 49.Kc3 Ra4 50.Rd2 Rc4+
51.Kb3 d4 52.exd4+ Rxd4 53.Re2 Rd3+ 54.Kc2 Rf3 55.Rd2 b4 56.Kb2 Kc4 57.Kc2 Rc3+
58.Kb2 Rd3 59.Re2 Kd4 60.Kc2 Rc3+ 61.Kb2 Rf3 62.Rd2+ Ke4 63.Kc2 Rc3+ 64.Kb2 Kf3
65.Rd4 Kxf2 66.g4 hxg4 67.Rxg4 Rc5 68.Rf4+ Kg3 69.Rxf7 Kxh4 70.Kb3 g5  0-1

[Event "DSV-Turnier"]
[Site "Leipzig"]
[Date "1975.??.??"]
[Round "4"]
[White "Tukmakov, Vladimir B"]
[Black "Mueller, Klaus Uwe"]
[Result "1-0"]
[WhiteElo "2570"]
[BlackElo "2470"]

1.d4 d5 2.c4 e6 3.Nf3 Nf6 4.g3 Be7 5.Bg2 O-O 6.O-O c5 7.cxd5 exd5 8.Nc3 Nc6
9.Bg5 c4 10.Ne5 Be6 11.b3 Qa5 12.Nxc6 bxc6 13.Na4 Rfd8 14.Qc2 Rac8 15.Rfd1 c5
16.Bd2 cxb3 17.axb3 Qb5 18.Nxc5 Bxc5 19.dxc5 Qxe2 20.Re1 Qh5 21.Rxa7 Ng4
22.h3 Nf6 23.g4 Qh4 24.Re5 h6 25.Rxe6 fxe6 26.Qg6 Ne8 27.Bc3 Qg5 28.Qxe6+ Kh8
29.Be5 Nf6 30.f4 Qh4 31.Rxg7  1-0

[Event "NOR-ch"]
[Site "?"]
[Date "1975.??.??"]
[Round "3"]
[White "Sande, Oystein"]
[Black "Kristiansen, Erling"]
[Result "0-1"]
[WhiteElo "2365"]
[BlackElo "2400"]

1.c4 Nf6 2.Nf3 e6 3.g3 d5 4.Bg2 Be7 5.d4 O-O 6.O-O dxc4 7.Qa4 Bd7 8.Qxc4 Bc6
9.Nc3 Nbd7 10.Qd3 a6 11.a3 b5 12.Rd1 Bb7 13.b4 a5 14.Rb1 axb4 15.axb4 c6
16.e4 Nb6 17.Ne5 Nfd7 18.Ng4 Nc4 19.e5 Qc7 20.Be4 h5 21.Ne3 Nxe3 22.Qxe3 Nb6
23.Qf3 g6 24.h4 Nd5 25.Ne2 Kg7 26.Kg2 Ra2 27.Nf4 Rh8 28.Nh3 c5 29.Ng5 Rf8
30.bxc5 b4 31.Bd2 Ra3 32.Qe2 Bxg5 33.hxg5 Ne3+ 34.Bxe3 Bxe4+ 35.Kh2 Bxb1
36.Rxb1 Qc6 37.Rxb4 Qe4 38.Rb2 h4 39.Qc2 Qf3 40.Rb3 hxg3+  0-1

[Event "URS-chT"]
[Site "Riga"]
[Date "1975.??.??"]
[Round "?"]
[White "Gorniak, Yury Yurievich"]
[Black "Vooremaa, Andres"]
[Result "1/2-1/2"]
[WhiteElo "2200"]
[BlackElo "2415"]

1.c4 e6 2.Nf3 Nf6 3.g3 d5 4.Bg2 Be7 5.d4 O-O 6.O-O c6 7.Qc2 Nbd7 8.b3 b6
9.Rd1 Bb7 10.Nc3 Rc8 11.e4 dxe4 12.Nxe4 Nxe4 13.Qxe4 Qe8 14.Re1 Nf6 15.Qe2 Bb4
16.Bd2 Qe7 17.a3 Bxd2 18.Qxd2 Rfd8 19.Qb2 Qc7 20.Rad1 c5 21.Qc3 Qe7 22.Qb2 Qc7
23.Qc3 Qe7 24.Qb2 Qc7 25.Qc3  1/2-1/2

[Event "URS-chT"]
[Site "Riga"]
[Date "1975.??.??"]
[Round "?"]
[White "Alieva, Elvira"]
[Black "Rozhlapa, V."]
[Result "1-0"]
[WhiteElo "2000"]
[BlackElo "2000"]

1.d4 Nf6 2.c4 e6 3.Nf3 d5 4.g3 Be7 5.Bg2 O-O 6.O-O dxc4 7.Nbd2 c5 8.Nxc4 Nc6
9.dxc5 Bxc5 10.Bg5 Qe7 11.Nce5 Nxe5 12.Nxe5 h6 13.Bd2 Bd4 14.Nd3 Rd8 15.Ba5 Bb6
16.Bxb6 axb6 17.Qb3 e5 18.Qxb6 e4 19.Qb4 Qxb4 20.Nxb4 Be6 21.f3 Rd2 22.b3 Rxe2
23.fxe4 Ng4 24.Rae1 Rxe1 25.Rxe1 Ne5 26.Rc1 Rd8 27.Nd5 Nc6 28.Rc5 Kf8 29.Kf2 Ke8
30.Ke3 Kd7 31.b4 Kd6 32.a3 Ne5 33.Kd4 Nc6+ 34.Kc3 Ra8 35.Kb2 Ne5 36.Bf1 Nc6
37.e5+ Nxe5 38.Nc7 Nd7 39.Nxa8 Nxc5 40.bxc5+ Kxc5 41.Nc7 Bd7 42.Bg2 b6 43.Kc3 g5
44.Nd5 f5 45.Nb4  1-0

[Event "URS-chT"]
[Site "Riga"]
[Date "1975.??.??"]
[Round "?"]
[White "Zhemajitis, G."]
[Black "Khalikian, O."]
[Result "1-0"]
[WhiteElo "2200"]
[BlackElo "2200"]

1.d4 Nf6 2.Nf3 d5 3.c4 e6 4.g3 Be7 5.Bg2 O-O 6.O-O b6 7.Qc2 Bb7 8.cxd5 exd5
9.Bf4 Na6 10.a3 c5 11.Nc3 Nc7 12.Bxc7 Qxc7 13.e3 Rac8 14.Rac1 Rfe8 15.Rfd1 g6
16.Ne5 a6 17.Qb3 Rcd8 18.Na4 Rd6 19.dxc5 Re6 20.Nd3 b5 21.Nc3 Ne4 22.Nxd5 Bxd5
23.Qxd5 Rd8 24.Qa2 h5 25.b4 g5 26.Qe2 Kg7 27.Qxh5 Bf6 28.Bxe4 Rxe4 29.Qf3 Qe7
30.c6 Rc8 31.Nc5 Rc4 32.Qd5 Rxc1 33.Rxc1 Bb2 34.Rb1 Bxa3 35.Qb3 Bxb4 36.Qxb4 Rxc6
37.Nxa6 Qxb4 38.Nxb4 Rc4 39.Na6 Ra4 40.Nc5 Rc4 41.Rxb5  1-0

[Event "Capablanca mem-B 13th"]
[Site "Cienfuegos"]
[Date "1976.05.24"]
[Round "8"]
[White "Barreras, Alberto"]
[Black "Frey, Kenneth"]
[Result "1/2-1/2"]
[WhiteElo "2340"]
[BlackElo "2295"]

1.d4 d5 2.c4 e6 3.g3 Nf6 4.Bg2 Be7 5.Nf3 O-O 6.O-O c5 7.cxd5 exd5 8.Nc3 Nc6
9.Bg5 cxd4 10.Nxd4 h6 11.Bf4 Qb6 12.Nxc6 bxc6 13.Qc2 Be6 14.Na4 Qb5 15.Be3 Rfe8
16.b3 Bf8 17.Bc5 Bxc5 18.Nxc5 Bf5 19.Qxf5 Qxc5 20.e3 a5 21.Rac1 Qb6 22.Qc2 Re6
23.Rfd1 a4 24.bxa4 Ra5 25.Rd3 Qa6 26.Rb3 Qa8 27.Rcb1 Re8 28.Rb7 Rxa4 29.Qxc6 Rxa2
30.Bxd5 Nxd5 31.Qxd5 Rc8 32.Qe5 Ra5 33.Qe4 Ra1 34.Qb4 Qa2 35.Kg2 Rxb1 36.Qxb1 Qxb1
37.Rxb1 h5 38.e4 Ra8 39.Rb2 g6 40.f4 Ra4 41.Re2 Kg7 42.Kh3 Ra3 43.e5 Rf3
44.Kg2 Ra3 45.Rc2 Re3 46.Kf2 Re4 47.Rc1 Ra4 48.Rc7 Kf8 49.Kf3 Ra1 50.Kg2 Ra2+
51.Kh3 Re2 52.Ra7 Kg8 53.Rd7 Kg7 54.Rd6 g5 55.fxg5 Rxe5 56.Kh4 Re2 57.h3 Re3
58.Rh6 Ra3 59.Rxh5 Ra4+ 60.g4 Ra3 61.Rh6 Rb3 62.Rc6 Ra3 63.Rc1 Kg6 64.Rf1 Rb3
65.Rg1 Rb5 66.Kg3 Rb3+ 67.Kh4 Rb5 68.Rg2 Ra5 69.Rg3 Rxg5 70.Rf3 Ra5 71.Rb3 Ra6
72.Rb5 Ra3 73.Rf5 f6 74.Rf2 Rb3 75.Rg2 Ra3 76.Rg3 Rxg3 77.Kxg3 f5 78.Kf4 fxg4
79.hxg4 Kf6  1/2-1/2

[Event "Lanzarote"]
[Site "Lanzarote"]
[Date "1976.??.??"]
[Round "6"]
[White "Sanz, J."]
[Black "Pomar Salamanca, Arturo"]
[Result "1/2-1/2"]
[WhiteElo "2345"]
[BlackElo "2435"]

1.c4 Nf6 2.g3 e6 3.Bg2 d5 4.Nf3 Be7 5.d4 O-O 6.O-O Nbd7 7.b3 b6 8.cxd5 exd5
9.Nc3 Bb7 10.Bf4 Ne4 11.Rc1 Nxc3 12.Rxc3 c5 13.Ne5 Nf6 14.Rd3 Qc8 15.Rc3 Qe6
16.Be3 Ne4 17.Rc2 Bf6 18.f4 Bxe5 19.fxe5 Rac8 20.Bxe4 dxe4 21.dxc5 Rfd8 22.Rd2 Rxd2
23.Qxd2 bxc5 24.Qd6 c4 25.Qxe6 fxe6 26.b4 a6 27.a4 c3 28.a5 Rc4 29.Bc5 h5
30.Kf2 Bc6 31.Ke3 Kh7 32.h3 Kg6 33.Rc1 c2 34.Kd2 e3+ 35.Bxe3 Be4 36.Bc5 Kf5
37.Bd6 Rd4+ 38.Kc3 Rd1 39.Kb2 g5 40.b5 axb5 41.a6 Rd4 42.Rf1+ Kg6 43.Ra1 Ra4
44.Rxa4 bxa4 45.g4  1/2-1/2

[Event "CSR-ch"]
[Site "Ostrava"]
[Date "1976.??.??"]
[Round "7"]
[White "Kubicek, Antonin"]
[Black "Augustin, Josef"]
[Result "0-1"]
[WhiteElo "2325"]
[BlackElo "2405"]

1.c4 Nf6 2.g3 e6 3.Bg2 d5 4.Nf3 Be7 5.d4 O-O 6.O-O b6 7.cxd5 exd5 8.Ne5 Bb7
9.Qa4 Qe8 10.Qc2 Bd6 11.Nc3 Bxe5 12.dxe5 Qxe5 13.Bf4 Qe7 14.Nb5 Na6 15.Rac1 Ne8
16.Rfd1 c5 17.Qf5 d4 18.Bxb7 Qxb7 19.e3 dxe3 20.Bxe3 Nac7 21.Qd7 a6 22.Nd6 Nxd6
23.Rxd6 Rab8 24.Qg4 Ne6 25.b4 Rfd8 26.Rcd1 Rxd6 27.Rxd6 Qc7 28.bxc5 bxc5
29.Qd1 Rb1 30.Qxb1 Qxd6 31.Qe4 h6 32.f4 Qd1+ 33.Kg2 Qe2+ 34.Kh3 c4 35.Qe5 g6
36.Qc3 h5 37.Bc1 Qf1+ 38.Kh4 Qd3 39.Qe5 Qd1 40.Qb8+ Kh7  0-1

[Event "Biel"]
[Site "Biel"]
[Date "1977.??.??"]
[Round "9"]
[White "Kavalek, Lubomir"]
[Black "Kestler, Hans Guenther"]
[Result "1-0"]
[WhiteElo "2545"]
[BlackElo "2440"]

1.d4 Nf6 2.c4 e6 3.g3 d5 4.Nf3 Be7 5.Bg2 O-O 6.O-O b6 7.Ne5 Bb7 8.Nc3 Qc8
9.cxd5 exd5 10.Bg5 c6 11.e4 dxe4 12.Nxe4 Qe6 13.Bxf6 Bxf6 14.Re1 Be7 15.Nc3 Qc8
16.Rc1 Bb4 17.Qb3 Bxc3 18.Rxc3 Qd8 19.Nxf7  1-0

[Event "CSR-ch int"]
[Site "Decin"]
[Date "1977.??.??"]
[Round "12"]
[White "Alburt, Lev O"]
[Black "Spiridonov, Nikola"]
[Result "1-0"]
[WhiteElo "2505"]
[BlackElo "2420"]

1.d4 Nf6 2.c4 e6 3.g3 d5 4.Bg2 Be7 5.Nf3 O-O 6.O-O dxc4 7.Qc2 a6 8.a4 Bd7
9.Qxc4 Bc6 10.Bf4 a5 11.Nc3 Na6 12.Qd3 Nb4 13.Qb1 Bxf3 14.Bxf3 c6 15.Rd1 Bd6
16.Bd2 Qe7 17.Ne4 Nxe4 18.Bxe4 h6 19.Bc3 Rad8 20.Bg2 Rfe8 21.Qe4 Bc7 22.e3 Rd7
23.h4 h5 24.Bf1 Bd6 25.Kg2 g6 26.Be2 Qd8 27.Bc4 Nd5 28.Qf3 Bb4 29.e4 Bxc3
30.bxc3 Nf6 31.Rab1 Kg7 32.e5 Ng4 33.Qf4 Qe7 34.Rb3 Rf8 35.Be2 Nh6 36.Rdb1 f6
37.exf6+ Rxf6 38.Qe5 Nf7 39.Qxa5 e5 40.dxe5 Nxe5 41.Qb4 Qe6 42.Qe4 Rxf2+
43.Kxf2 Ng4+ 44.Bxg4 Qxe4 45.Bxd7 Qc2+ 46.Kg1 Qd3 47.c4  1-0

[Event "Lublin"]
[Site "Lublin"]
[Date "1977.??.??"]
[Round "5"]
[White "Marszalek, Rafal"]
[Black "Zinn, Lothar"]
[Result "0-1"]
[WhiteElo "2335"]
[BlackElo "2365"]

1.d4 d5 2.c4 e6 3.Nf3 Nf6 4.g3 Be7 5.Bg2 O-O 6.O-O b6 7.Nc3 Bb7 8.Ne5 Nbd7
9.cxd5 Nxe5 10.d6 Nc6 11.dxe7 Qxe7 12.Bg5 Rfd8 13.e3 Na5 14.Ne4 Bxe4 15.Bxe4 Rac8
16.Qe2 c5 17.Bxf6 Qxf6 18.dxc5 Qe5 19.Bg2 Qxc5 20.Rfd1 g6 21.Rxd8+ Rxd8 22.h4 Qb4
23.b3 Rd2 24.Qe1 Qd6 25.Bf3 Rc2 26.Be4 Rb2 27.Qc3 Qd2 28.Qxd2 Rxd2 29.Bf3 Kg7
30.Kf1 Kf6 31.b4 Nc4 32.Be2 Na3 33.Ke1 Rb2 34.Rc1 Rxb4 35.Rc3 Rb1+ 36.Kd2  0-1

[Event "Lublin"]
[Site "Lublin"]
[Date "1977.??.??"]
[Round "12"]
[White "Marszalek, Rafal"]
[Black "Lebredo, Gerardo"]
[Result "1/2-1/2"]
[WhiteElo "2335"]
[BlackElo "2385"]

1.d4 Nf6 2.c4 e6 3.g3 d5 4.Bg2 Be7 5.Nf3 O-O 6.O-O b6 7.Nc3 Bb7 8.Ne5 Na6
9.Bg5 Ne4 10.Bxe7 Qxe7 11.cxd5 exd5 12.Nd3 Rad8 13.e3 c5 14.Nf4 Rfe8 15.a3 Nc7
16.Re1 a6 17.Qc2 Nxc3 18.bxc3 cxd4 19.cxd4 Ne6 20.Nxe6 Qxe6 21.Qb2 h5 22.Rec1 Re7
23.Rab1 Rd6 24.Rc3 h4 25.Qc2 hxg3 26.hxg3 Qd7 27.Bf1 Rh6 28.Rc1 b5 29.Rc7 Qxc7
30.Qxc7 Rxc7 31.Rxc7 Rb6 32.Rc5 Rc6 33.Rxc6 Bxc6 34.Bd3 Kf8 35.Kf1 Ke7 36.Ke1 Kd6
37.Kd2 a5 38.Kc3 Kc7 39.f3 f6 40.e4 dxe4  1/2-1/2